<?xml version="1.0" encoding="UTF-8"?><marc:collection xmlns:marc="http://www.loc.gov/MARC21/slim">
  <marc:record>
    <marc:leader>00000nam##2200000za#4500</marc:leader>
    <marc:controlfield tag="001">9.680773</marc:controlfield>
    <marc:controlfield tag="003">CaOODSP</marc:controlfield>
    <marc:controlfield tag="005">20200330064823</marc:controlfield>
    <marc:controlfield tag="007">ta</marc:controlfield>
    <marc:controlfield tag="008">150407|1998||||xxc|||||     f|0| 0 fre|d</marc:controlfield>
    <marc:datafield tag="020" ind1=" " ind2=" ">
      <marc:subfield code="a">0-662-83762-2</marc:subfield>
    </marc:datafield>
    <marc:datafield tag="040" ind1=" " ind2=" ">
      <marc:subfield code="a">CaOODSP</marc:subfield>
      <marc:subfield code="b">fre</marc:subfield>
    </marc:datafield>
    <marc:datafield tag="043" ind1=" " ind2=" ">
      <marc:subfield code="a">n-cn---</marc:subfield>
    </marc:datafield>
    <marc:datafield tag="086" ind1="1" ind2=" ">
      <marc:subfield code="a">D82-46/1999F</marc:subfield>
    </marc:datafield>
    <marc:datafield tag="110" ind1="1" ind2=" ">
      <marc:subfield code="a">Canada.</marc:subfield>
      <marc:subfield code="b">Protection civile Canada.</marc:subfield>
    </marc:datafield>
    <marc:datafield tag="245" ind1="1" ind2="0">
      <marc:subfield code="a">Solutions de rechange aux sacs de sable pour une protection temporaire contre les inondations / </marc:subfield>
      <marc:subfield code="c">par Kevin Biggar et Srboljub Masala. </marc:subfield>
    </marc:datafield>
    <marc:datafield tag="260" ind1=" " ind2=" ">
      <marc:subfield code="b">Protection civile Canada </marc:subfield>
      <marc:subfield code="c">1998.</marc:subfield>
    </marc:datafield>
    <marc:datafield tag="300" ind1=" " ind2=" ">
      <marc:subfield code="a">i, 76p. : </marc:subfield>
      <marc:subfield code="b">figures, ill., références, tableaux ; </marc:subfield>
      <marc:subfield code="c">28 cm.</marc:subfield>
    </marc:datafield>
    <marc:datafield tag="500" ind1=" " ind2=" ">
      <marc:subfield code="a">Données de catalogage avant publication (Canada) imprimées dans cette publication. «La présente étude traite de récentes méthodes novatrices pouvant remplacer l'utilisation des sacs de sable comme mesure de protection temporaire contre les inondations. Il s'agit essentiellement d'un examen de la documentation publié à ce sujet et des brochures commerciales disponibles. Les nouvelles techniques et méthodes proposées ont fait l'objet d'une évaluation critique fondée sur les pratiques professionnelles courantes et l'expérience accumulée en matière de lutte contre les inondations.»--Résumé.</marc:subfield>
    </marc:datafield>
    <marc:datafield tag="520" ind1="3" ind2=" ">
      <marc:subfield code="a">La présente étude traite de récentes méthodes novatrices pouvant remplacer l'utilisation des sacs de sable comme mesure de protection temporaire contre les inondations. Il s'agit essentiellement d'un examen de la documentation publié à ce sujet et des brochures commerciales disponibles. Les nouvelles techniques et méthodes proposées ont fait l'objet d'une évaluation critique fondée sur les pratiques professionnelles courantes et l'expérience accumulée en matière de lutte contre les inondations.--Résumé</marc:subfield>
    </marc:datafield>
    <marc:datafield tag="563" ind1=" " ind2=" ">
      <marc:subfield code="a">Couverture souple</marc:subfield>
    </marc:datafield>
    <marc:datafield tag="590" ind1=" " ind2=" ">
      <marc:subfield code="a">00-45</marc:subfield>
      <marc:subfield code="b">2000-11-10</marc:subfield>
    </marc:datafield>
    <marc:datafield tag="691" ind1="0" ind2="7">
      <marc:subfield code="a">Inondation</marc:subfield>
      <marc:subfield code="2">gcpds</marc:subfield>
    </marc:datafield>
    <marc:datafield tag="691" ind1="0" ind2="7">
      <marc:subfield code="a">Équipement de sécurité</marc:subfield>
      <marc:subfield code="2">gcpds</marc:subfield>
    </marc:datafield>
    <marc:datafield tag="775" ind1="0" ind2="8">
      <marc:subfield code="t">Alternatives to sandbags for temporary flood protection / </marc:subfield>
      <marc:subfield code="w">(CaOODSP)9.647351</marc:subfield>
    </marc:datafield>
    <marc:datafield tag="776" ind1="0" ind2="#">
      <marc:subfield code="t">Solutions de rechange aux sacs de sable pour une protection temporaire contre les inondations / </marc:subfield>
      <marc:subfield code="w">(CaOODSP)9.640428</marc:subfield>
    </marc:datafield>
  </marc:record>
</marc:collection>
